| 000 | 00922nam a2200277Ia 4500 | ||
|---|---|---|---|
| 001 | Para_5646 | ||
| 003 | CHAP | ||
| 008 | 220125s2001 xx 000 0 und d | ||
| 010 | _a203626 | ||
| 040 | _cCHAP | ||
| 090 | _aPA TESIS 1605 | ||
| 100 |
_aSantos Juárez, Pedro _9102503 |
||
| 245 |
_aRevisión bibliográfia de especies de chicharritas (Homóptera : _bCicadellidae) de importancia agrícola en México / _c por Pedro Santos Juárez |
||
| 260 |
_aChapingo, Méx. : _b el autor |
||
| 300 | _a71 h. | ||
| 502 | _aTesis (Ing. Agr. Esp. en Parasitología Agrícola) -- UACh. Departamento Parasitología Agrícola | ||
| 650 |
_aChicharritas _922265 |
||
| 710 |
_aUACh. Departamento Parasitología Agrícola _9164025 |
||
| 901 | _aPA TESIS 1605 | ||
| 902 | _aA | ||
| 905 | _a0000002001 an 0000000000 00 | ||
| 910 | _a2001 | ||
| 942 | _cPARA | ||
| 942 |
_cPARA _d1 |
||
| 999 |
_c203626 _d203626 |
||